000 00220nam a22000857a 4500
008 161130b xxu||||| |||| 00| 0 eng d
100 _91615
_aJacob,A
245 _aLaboratory Skills Science
260 _aNew Delhi
_bN.D-Arya
_c2007
999 _c4329
_d4329